[Event "CP-2019-S-00002"]
[Site "LSS email"]
[Date "2019.02.09"]
[Round "?"]
[White "Lehnberger, Karl"]
[Black "Mashchenko, Vladimir"]
[Result "1/2-1/2"]
[WhiteElo "2310"]
[BlackElo "2362"]
[PlyCount "68"]
[EventDate "2019.02.15"]
[EventType "tourn (corr)"]
[EventRounds "7"]
[EventCountry "GER"]
[SourceTitle "Corr 2022"]
[Source "ChessBase"]
[SourceDate "2021.10.24"]
[SourceVersion "1"]
[SourceVersionDate "2021.10.24"]
[SourceQuality "1"]

1. e4 c5 2. Nf3 d6 3. d4 cxd4 4. Nxd4 Nf6 5. Nc3 a6 6. Be3 e5 7. Nb3 Be6 8. f3 h5 9. Nd5 Bxd5 10. exd5 g6 11. Qd2 Bg7 12. Be2 Nbd7 13. Na5 Qc7 14. c4 e4 15. 0-0 exf3 16. gxf3 0-0 17. b4 Rfe8 18. Rac1 Ne5 19. c5 Qd7 20. c6 bxc6 21. dxc6 Qe7 22. c7 Rac8 23. Bxa6 Rxc7 24. Rxc7 Qxc7 25. a4 Bh6 26. Bxh6 Qb6+ 27. Kg2 Qxa6 28. b5 Qc8 29. Nc6 Nxf3 30. Rxf3 Qg4+ 31. Rg3 Qe4+ 32. Rf3 Qg4+ 33. Rg3 Qe4+ 34. Rf3 Qg4+ 1/2-1/2

[Event "CP-2017-Q-00007"]
[Site "LSS email"]
[Date "2017.11.19"]
[Round "?"]
[White "Baroin, Bernard"]
[Black "Lehnberger, Karl"]
[Result "1/2-1/2"]
[WhiteElo "2186"]
[BlackElo "2307"]
[PlyCount "61"]
[EventDate "2017.11.25"]
[EventType "tourn (corr)"]
[EventRounds "6"]
[EventCountry "GER"]
[SourceTitle "Corr 2022"]
[Source "ChessBase"]
[SourceDate "2021.10.24"]
[SourceVersion "1"]
[SourceVersionDate "2021.10.24"]
[SourceQuality "1"]

1. e4 c5 2. Nf3 d6 3. d4 cxd4 4. Nxd4 Nf6 5. Nc3 a6 6. Be3 e5 7. Nb3 Be6 8. f3 Be7 9. Qd2 0-0 10. 0-0-0 Nbd7 11. g4 b5 12. g5 b4 13. gxf6 bxc3 14. Qxc3 Nxf6 15. Na5 Rc8 16. Nc6 Qc7 17. Nxe7+ Qxe7 18. Qa5 Rc6 19. Kb1 Rfc8 20. b3 Nh5 21. Rg1 Nf4 22. Rd2 g6 23. Bxf4 Qa7 24. Rh1 exf4 25. Be2 Qe3 26. Rhd1 h5 27. h4 Kh7 28. c4 Rb6 29. Rd3 Qc5 30. Qxc5 dxc5 31. Kc2 1/2-1/2

[Event "CP-2017-Q-00007"]
[Site "LSS email"]
[Date "2017.11.19"]
[Round "?"]
[White "Lehnberger, Karl"]
[Black "Sheers, Matthew"]
[Result "1-0"]
[WhiteElo "2307"]
[BlackElo "1962"]
[PlyCount "131"]
[EventDate "2017.11.25"]
[EventType "tourn (corr)"]
[EventRounds "6"]
[EventCountry "GER"]
[SourceTitle "Corr 2022"]
[Source "ChessBase"]
[SourceDate "2021.10.24"]
[SourceVersion "1"]
[SourceVersionDate "2021.10.24"]
[SourceQuality "1"]

1. e4 e6 2. d4 d5 3. Nc3 dxe4 4. Nxe4 Be7 5. Nf3 Nf6 6. Nxf6+ Bxf6 7. c3 b6 8. Bd3 Bb7 9. Bf4 Nd7 10. Qe2 c5 11. dxc5 0-0 12. 0-0-0 Qc8 13. Bxh7+ Kxh7 14. Qd3+ Kg8 15. Qxd7 Bxf3 16. Qxc8 Rfxc8 17. gxf3 Rxc5 18. Be3 Ra5 19. a3 Rf5 20. f4 Rd8 21. Rxd8+ Bxd8 22. Rd1 Bc7 23. Rd4 Kf8 24. Rc4 Bd6 25. Rc8+ Ke7 26. Ra8 Kf6 27. Bd4+ Kg6 28. Rxa7 b5 29. Kc2 Bxf4 30. b4 Bxh2 31. a4 bxa4 32. Rxa4 e5 33. Be3 Bg1 34. b5 Bxf2 35. Bxf2 Rxf2+ 36. Kb3 Rf1 37. Rb4 e4 38. Kc2 f5 39. b6 e3 40. Kd3 f4 41. b7 Rd1+ 42. Ke2 Rd2+ 43. Kf3 Rf2+ 44. Kg4 e2 45. b8Q Rg2+ 46. Kf3 e1Q 47. Qb6+ Kh5 48. Kxg2 Qg3+ 49. Kf1 Qd3+ 50. Kf2 Qg3+ 51. Ke2 Qg4+ 52. Kd3 Qf3+ 53. Kd4 g5 54. Rb2 Qe3+ 55. Kd5 Qd3+ 56. Qd4 Qf5+ 57. Qe5 Qd7+ 58. Qd6 Qf5+ 59. Kd4 Qf7 60. Rh2+ Kg4 61. Rg2+ Kh5 62. c4 Qa7+ 63. c5 Qa1+ 64. Ke4 Qh1 65. Qd3 Kh6 66. Qc2 1-0

[Event "CP-2017-Q-00007"]
[Site "LSS email"]
[Date "2017.11.19"]
[Round "?"]
[White "Markus, Roland"]
[Black "Lehnberger, Karl"]
[Result "1/2-1/2"]
[WhiteElo "2377"]
[BlackElo "2307"]
[PlyCount "93"]
[EventDate "2017.11.25"]
[EventType "tourn (corr)"]
[EventRounds "6"]
[EventCountry "GER"]
[SourceTitle "Corr 2022"]
[Source "ChessBase"]
[SourceDate "2021.10.24"]
[SourceVersion "1"]
[SourceVersionDate "2021.10.24"]
[SourceQuality "1"]

1. e4 c5 2. c3 Nf6 3. e5 Nd5 4. Nf3 Nc6 5. Bc4 Nb6 6. Bb3 c4 7. Bc2 d5 8. exd6 Qxd6 9. 0-0 Bg4 10. Re1 0-0-0 11. h3 Bh5 12. Be4 e6 13. b3 f5 14. Bc2 g6 15. bxc4 e5 16. d3 e4 17. dxe4 Qc7 18. Nbd2 Ne5 19. Qe2 Bc5 20. Kh1 f4 21. Rb1 g5 22. Qf1 g4 23. Nxe5 Qxe5 24. Rb5 Nd7 25. Nb3 b6 26. Nxc5 Nxc5 27. Ba3 Be8 28. Bxc5 bxc5 29. Rbb1 gxh3 30. gxh3 Rd2 31. Bd1 Bc6 32. Qg2 h5 33. Bf3 Qe6 34. Rbd1 Rxf2 35. Rd6 Qxd6 36. Qxf2 Qe5 37. Kh2 Rg8 38. Rg1 Rxg1 39. Qxg1 Kc7 40. Qg6 Qxc3 41. Qf7+ Kb6 42. Qxf4 Qxc4 43. Qb8+ Ka6 44. Qd6 Qxa2+ 45. Bg2 Kb5 46. Qb8+ Ka6 47. Qd6 1/2-1/2

[Event "ZH-2017-0-01536"]
[Site "LSS email"]
[Date "2017.01.14"]
[Round "?"]
[White "Loik, Galyna"]
[Black "Lehnberger, Karl"]
[Result "1/2-1/2"]
[WhiteElo "2029"]
[BlackElo "2289"]
[PlyCount "75"]
[EventDate "2017.01.12"]
[EventType "match (corr)"]
[EventRounds "2"]
[EventCountry "GER"]
[SourceTitle "Corr 2022"]
[Source "ChessBase"]
[SourceDate "2021.10.24"]
[SourceVersion "1"]
[SourceVersionDate "2021.10.24"]
[SourceQuality "1"]

1. d4 Nf6 2. c4 e6 3. Nf3 b6 4. g3 Ba6 5. b3 Bb4+ 6. Bd2 Be7 7. Bg2 c6 8. Bc3 d5 9. Nbd2 Nbd7 10. 0-0 0-0 11. Re1 Bb7 12. e4 dxe4 13. Nxe4 Nxe4 14. Rxe4 c5 15. Re2 Bf6 16. Rd2 Qe7 17. Qe2 Rfd8 18. Rad1 Rac8 19. h4 h6 20. Qe3 Ba8 21. dxc5 Bxc3 22. Qxc3 Nxc5 23. Ne5 Ne4 24. Rxd8+ Rxd8 25. Qc2 Rxd1+ 26. Qxd1 f6 27. Ng6 Qe8 28. h5 Ng5 29. g4 Bxg2 30. Kxg2 Qc6+ 31. Kh2 Qc7+ 32. f4 Ne4 33. Qd4 Nd6 34. Kg1 Kf7 35. f5 Qc6 36. fxe6+ Kxe6 37. Nf4+ Ke7 38. Nd5+ 1/2-1/2

[Event "CP-2016-P-00007"]
[Site "LSS email"]
[Date "2016.09.27"]
[Round "?"]
[White "Fernandez, Javier Horacio"]
[Black "Lehnberger, Karl"]
[Result "1/2-1/2"]
[WhiteElo "2324"]
[BlackElo "2310"]
[PlyCount "49"]
[EventDate "2016.10.01"]
[EventType "tourn (corr)"]
[EventRounds "6"]
[EventCountry "GER"]
[SourceTitle "Corr 2022"]
[Source "ChessBase"]
[SourceDate "2021.10.24"]
[SourceVersion "1"]
[SourceVersionDate "2021.10.24"]
[SourceQuality "1"]

1. d4 Nf6 2. Nf3 e6 3. Bg5 c5 4. e3 Qb6 5. Nbd2 Qxb2 6. Bd3 d5 7. Bxf6 gxf6 8. Rb1 Qa3 9. Bb5+ Nd7 10. c4 cxd4 11. Nxd4 e5 12. Nc2 Qxa2 13. 0-0 a6 14. cxd5 Qxd5 15. Bc4 Qd6 16. Qh5 Qxd2 17. Bxf7+ Kd8 18. Qf5 Kc7 19. Rfd1 Qa5 20. Be6 Bc5 21. Bxd7 Rd8 22. Bxc8 Rxd1+ 23. Rxd1 Rxc8 24. Qxf6 Qc3 25. Qg7+ 1/2-1/2

[Event "CP-2016-P-00007"]
[Site "LSS email"]
[Date "2016.09.27"]
[Round "?"]
[White "Paetzold, Ortwin"]
[Black "Lehnberger, Karl"]
[Result "1/2-1/2"]
[WhiteElo "1896"]
[BlackElo "2310"]
[PlyCount "67"]
[EventDate "2016.10.01"]
[EventType "tourn (corr)"]
[EventRounds "6"]
[EventCountry "GER"]
[SourceTitle "Corr 2022"]
[Source "ChessBase"]
[SourceDate "2021.10.24"]
[SourceVersion "1"]
[SourceVersionDate "2021.10.24"]
[SourceQuality "1"]

1. e4 c5 2. Nf3 d6 3. d4 cxd4 4. Nxd4 Nf6 5. Nc3 a6 6. Bc4 e6 7. Bb3 b5 8. 0-0 Be7 9. Qd3 0-0 10. Be3 Bd7 11. a3 Nc6 12. f4 Na5 13. Qe2 Qc7 14. Rad1 Rab8 15. g4 Nxb3 16. cxb3 b4 17. axb4 Rxb4 18. g5 Nxe4 19. Nxe4 e5 20. Nc3 exd4 21. Nd5 Bb5 22. Qe1 Qb7 23. Qxb4 Qxd5 24. Qxd4 Qxd4 25. Bxd4 Bxf1 26. Kxf1 f6 27. Kg2 fxg5 28. fxg5 Bxg5 29. Ra1 Be7 30. Rxa6 Rb8 31. Ra7 Bf6 32. Bxf6 gxf6 33. Kf3 Rxb3+ 34. Kf4 1/2-1/2

[Event "SA-2016-0-00526"]
[Site "LSS email"]
[Date "2016.07.21"]
[Round "?"]
[White "Kolanek, Roman"]
[Black "Lehnberger, Karl"]
[Result "1/2-1/2"]
[WhiteElo "2136"]
[BlackElo "2311"]
[PlyCount "52"]
[EventDate "2016.06.23"]
[EventType "tourn (corr)"]
[EventRounds "6"]
[EventCountry "GER"]
[SourceTitle "Corr 2022"]
[Source "ChessBase"]
[SourceDate "2021.10.24"]
[SourceVersion "1"]
[SourceVersionDate "2021.10.24"]
[SourceQuality "1"]

1. d4 Nf6 2. c4 e6 3. Nc3 Bb4 4. Nf3 b6 5. Bg5 Bb7 6. e3 h6 7. Bh4 g5 8. Bg3 Ne4 9. Qc2 d6 10. Bd3 Bxc3+ 11. bxc3 Nxg3 12. hxg3 g4 13. Nh4 Nc6 14. Be4 Qe7 15. a4 a5 16. 0-0 0-0-0 17. Rab1 Rhg8 18. Rb5 Rg5 19. Rfb1 Kb8 20. R5b2 Qd7 21. Bd3 Ne7 22. e4 Rdg8 23. Qd1 Ka7 24. Qd2 Ba6 25. Qc2 Qc6 26. Qb3 Rd8 1/2-1/2

[Event "SA-2016-0-00526"]
[Site "LSS email"]
[Date "2016.07.21"]
[Round "?"]
[White "Lehnberger, Karl"]
[Black "Laine, Jari"]
[Result "1-0"]
[WhiteElo "2311"]
[BlackElo "1991"]
[PlyCount "69"]
[EventDate "2016.06.23"]
[EventType "tourn (corr)"]
[EventRounds "6"]
[EventCountry "GER"]
[SourceTitle "Corr 2022"]
[Source "ChessBase"]
[SourceDate "2021.10.24"]
[SourceVersion "1"]
[SourceVersionDate "2021.10.24"]
[SourceQuality "1"]

1. e4 d6 2. d4 Nf6 3. Nc3 Nbd7 4. f4 e5 5. Nf3 exd4 6. Qxd4 c6 7. Be3 d5 8. exd5 Bc5 9. Qd3 Qe7 10. Nd4 Nb6 11. dxc6 bxc6 12. Be2 0-0 13. Bg1 Qc7 14. 0-0-0 Rd8 15. f5 Bb7 16. Bf2 Rac8 17. Qg3 Bd6 18. Qh4 Bb4 19. Ne6 Rxd1+ 20. Rxd1 Qe7 21. Ne4 Nxe4 22. Qxe4 fxe6 23. Bh4 c5 24. Qxb4 cxb4 25. Bxe7 exf5 26. Bxb4 Bxg2 27. Bd3 f4 28. Ba6 Re8 29. a4 Re4 30. c3 g5 31. Bd3 Re5 32. a5 Na4 33. Bd6 Rxa5 34. b4 Rd5 35. Bc4 1-0

[Event "OP-2016-0-04079"]
[Site "LSS email"]
[Date "2016.06.23"]
[Round "?"]
[White "Furguzz, Scarlett"]
[Black "Lehnberger, Karl"]
[Result "1/2-1/2"]
[WhiteElo "1803"]
[BlackElo "2311"]
[PlyCount "72"]
[EventDate "2016.06.19"]
[EventType "tourn (corr)"]
[EventRounds "4"]
[EventCountry "GER"]
[SourceTitle "Corr 2022"]
[Source "ChessBase"]
[SourceDate "2021.10.24"]
[SourceVersion "1"]
[SourceVersionDate "2021.10.24"]
[SourceQuality "1"]

1. e4 c5 2. Nf3 d6 3. d4 cxd4 4. Nxd4 Nf6 5. Nc3 a6 6. Be3 e5 7. Nb3 Be6 8. f3 Be7 9. Qd2 0-0 10. 0-0-0 Nbd7 11. g4 b5 12. g5 b4 13. Ne2 Ne8 14. h4 a5 15. Kb1 a4 16. Nbc1 Nb6 17. Ng3 d5 18. Bxb6 Qxb6 19. exd5 Rd8 20. Bc4 Nc7 21. dxe6 Rxd2 22. exf7+ Kh8 23. Rxd2 Nb5 24. Rd7 Na3+ 25. bxa3 bxa3+ 26. Nb3 Qb4 27. Ne4 Qxc4 28. Rxe7 axb3 29. axb3 Qd4 30. c3 Qd3+ 31. Ka2 Qe2+ 32. Kxa3 Ra8+ 33. Kb4 Rb8+ 34. Ka3 Ra8+ 35. Kb4 Rb8+ 36. Ka3 Ra8+ 1/2-1/2

[Event "CP-2015-P-00033"]
[Site "LSS email"]
[Date "2015.09.28"]
[Round "?"]
[White "Wittal, Werner"]
[Black "Lehnberger, Karl"]
[Result "1/2-1/2"]
[WhiteElo "2018"]
[BlackElo "2296"]
[PlyCount "114"]
[EventDate "2015.10.01"]
[EventType "tourn (corr)"]
[EventRounds "6"]
[EventCountry "GER"]
[SourceTitle "Corr 2022"]
[Source "ChessBase"]
[SourceDate "2021.10.24"]
[SourceVersion "1"]
[SourceVersionDate "2021.10.24"]
[SourceQuality "1"]

1. d4 Nf6 2. c4 e6 3. Nf3 b6 4. g3 Ba6 5. b3 Bb4+ 6. Bd2 Be7 7. Nc3 0-0 8. Bg2 c6 9. 0-0 d5 10. Bf4 Nbd7 11. Rc1 Rc8 12. Qc2 Re8 13. Rfd1 h6 14. e4 dxc4 15. Nd2 cxb3 16. axb3 Bb7 17. Nc4 Nb8 18. e5 Nd5 19. Ne4 Nxf4 20. gxf4 Rc7 21. Ncd6 Rf8 22. f5 exf5 23. Nxf5 Bc8 24. Nxe7+ Qxe7 25. Nd6 a5 26. Qd3 f6 27. f4 Be6 28. f5 Bd5 29. Bxd5+ cxd5 30. Rxc7 Qxc7 31. Kh1 Nc6 32. Qc3 fxe5 33. dxe5 Qd7 34. f6 Nxe5 35. Qxe5 Rxf6 36. Qxd5+ Kh8 37. Rd3 Rf8 38. Rg3 Qe7 39. Nf5 Qe1+ 40. Rg1 Qf2 41. Qb7 Rf7 42. Qa8+ Kh7 43. Nd6 Rf4 44. Qb7 Qd4 45. Qg2 Kh8 46. Qc6 Rf6 47. Qc8+ Kh7 48. Qc2+ Kh8 49. Rd1 Qe3 50. Qd3 Qf3+ 51. Qxf3 Rxf3 52. Rb1 Rc3 53. b4 a4 54. Ra1 a3 55. Nb5 Rb3 56. Rxa3 Rxb4 57. Nd6 g6 1/2-1/2

[Event "BI-2015-F-0000"]
[Site "LSS email"]
[Date "2015.02.12"]
[Round "?"]
[White "Krabbenbos, Jan"]
[Black "Lehnberger, Karl"]
[Result "1/2-1/2"]
[WhiteElo "1883"]
[BlackElo "2303"]
[PlyCount "43"]
[EventDate "2015.02.11"]
[EventType "tourn (corr)"]
[EventRounds "10"]
[EventCountry "GER"]
[SourceTitle "Corr 2022"]
[Source "ChessBase"]
[SourceDate "2021.10.24"]
[SourceVersion "1"]
[SourceVersionDate "2021.10.24"]
[SourceQuality "1"]

1. e4 c5 2. Nf3 d6 3. d4 cxd4 4. Nxd4 Nf6 5. Nc3 a6 6. Be3 e5 7. Nb3 Be6 8. f3 Be7 9. Qd2 h5 10. 0-0-0 Nbd7 11. Kb1 b5 12. Nd5 Bxd5 13. exd5 Nb6 14. Bxb6 Qxb6 15. Na5 Rc8 16. Nc6 Nxd5 17. Nxe7 Nxe7 18. Qxd6 Qxd6 19. Rxd6 Nc6 20. Rd1 Ke7 21. c3 Nd8 22. Bd3 1/2-1/2

[Event "BI-2015-F-0000"]
[Site "LSS email"]
[Date "2015.02.12"]
[Round "?"]
[White "Lehnberger, Karl"]
[Black "Hammerschmidt, Volker"]
[Result "1/2-1/2"]
[WhiteElo "2303"]
[BlackElo "1995"]
[PlyCount "113"]
[EventDate "2015.02.11"]
[EventType "tourn (corr)"]
[EventRounds "10"]
[EventCountry "GER"]
[SourceTitle "Corr 2022"]
[Source "ChessBase"]
[SourceDate "2021.10.24"]
[SourceVersion "1"]
[SourceVersionDate "2021.10.24"]
[SourceQuality "1"]

1. d4 d5 2. c4 c6 3. Nf3 Nf6 4. e3 e6 5. Bd3 Nbd7 6. Nbd2 c5 7. 0-0 Be7 8. cxd5 exd5 9. b3 cxd4 10. exd4 0-0 11. Bb2 Re8 12. Re1 Nf8 13. Ne5 Be6 14. f4 Qb6 15. Kh1 Rac8 16. g4 h6 17. Rg1 N6h7 18. g5 hxg5 19. f5 f6 20. fxe6 fxe5 21. dxe5 Bc5 22. Rf1 Be3 23. e7 Rxe7 24. Qg4 Rce8 25. Rad1 Qh6 26. Nf3 Ne6 27. Rfe1 Bf4 28. Ba3 Rf7 29. Bf5 Nc7 30. Qh3 Qxh3 31. Bxh3 Nf8 32. Bd6 Nfe6 33. Bg4 g6 34. a4 Rh7 35. h3 Nd8 36. Kg2 Nc6 37. b4 Rg7 38. Re2 a6 39. Rc2 Kh8 40. Rh1 Na8 41. h4 Nb6 42. b5 Nd8 43. bxa6 bxa6 44. hxg5+ Kg8 45. Rc7 Nc4 46. Rh6 Bxe5 47. Nxe5 Rxc7 48. Bxc7 Nxe5 49. Bxe5 Rxe5 50. Rxg6+ Kf7 51. Rxa6 Rxg5 52. Kf3 d4 53. Kf4 Rc5 54. Rd6 Nc6 55. Bf3 Nb4 56. Rxd4 Nc6 57. Bxc6 1/2-1/2

[Event "BI-2015-F-0000"]
[Site "LSS email"]
[Date "2015.02.12"]
[Round "?"]
[White "Lehnberger, Karl"]
[Black "Morcin, Tom"]
[Result "1/2-1/2"]
[WhiteElo "2303"]
[BlackElo "2237"]
[PlyCount "38"]
[EventDate "2015.02.11"]
[EventType "tourn (corr)"]
[EventRounds "10"]
[EventCountry "GER"]
[SourceTitle "Corr 2022"]
[Source "ChessBase"]
[SourceDate "2021.10.24"]
[SourceVersion "1"]
[SourceVersionDate "2021.10.24"]
[SourceQuality "1"]

1. e4 e5 2. Nf3 Nc6 3. Bb5 Nf6 4. 0-0 Nxe4 5. d4 Nd6 6. Bxc6 dxc6 7. dxe5 Nf5 8. Qxd8+ Kxd8 9. Nc3 Ke8 10. h3 h5 11. Bf4 Be7 12. Rad1 Be6 13. Ng5 Rh6 14. Rfe1 Bb4 15. Nxe6 Rxe6 16. g4 hxg4 17. hxg4 Rg6 18. f3 Bxc3 19. bxc3 Rd8 1/2-1/2

[Event "BI-2015-F-0000"]
[Site "LSS email"]
[Date "2015.02.12"]
[Round "?"]
[White "Lehnberger, Karl"]
[Black "Ortiz, Manuel"]
[Result "1/2-1/2"]
[WhiteElo "2303"]
[BlackElo "2245"]
[PlyCount "78"]
[EventDate "2015.02.11"]
[EventType "tourn (corr)"]
[EventRounds "10"]
[EventCountry "GER"]
[SourceTitle "Corr 2022"]
[Source "ChessBase"]
[SourceDate "2021.10.24"]
[SourceVersion "1"]
[SourceVersionDate "2021.10.24"]
[SourceQuality "1"]

1. e4 e6 2. d4 d5 3. Nc3 Nf6 4. e5 Nfd7 5. f4 c5 6. Nf3 Nc6 7. Be3 Be7 8. Qd2 0-0 9. Be2 b6 10. Nd1 cxd4 11. Nxd4 Nxd4 12. Bxd4 Nb8 13. 0-0 Nc6 14. c3 Nxd4 15. cxd4 Bd7 16. Ne3 b5 17. Rf3 Rc8 18. Raf1 b4 19. f5 f6 20. Ba6 Rc6 21. Bb5 Rc8 22. exf6 Rxf6 23. Qd3 Rf8 24. Bxd7 Qxd7 25. Qb3 Rcd8 26. fxe6 Qxe6 27. Nf5 Bf6 28. Qxb4 g6 29. Ne3 Bg7 30. Qa5 Qe4 31. Rxf8+ Rxf8 32. Rxf8+ Kxf8 33. Qc5+ Kg8 34. Nc2 h5 35. h3 Kh7 36. Qc3 Qf4 37. Qe3 Qxe3+ 38. Nxe3 Bxd4 39. Kf2 Bxb2 1/2-1/2

[Event "OP-2015-0-03635"]
[Site "LSS email"]
[Date "2015.02.02"]
[Round "?"]
[White "Lehnberger, Karl"]
[Black "Astroukh, Vitalij"]
[Result "1/2-1/2"]
[WhiteElo "2303"]
[BlackElo "2279"]
[PlyCount "70"]
[EventDate "2015.01.28"]
[EventType "tourn (corr)"]
[EventRounds "4"]
[EventCountry "GER"]
[SourceTitle "Corr 2022"]
[Source "ChessBase"]
[SourceDate "2021.10.24"]
[SourceVersion "1"]
[SourceVersionDate "2021.10.24"]
[SourceQuality "1"]

1. e4 e5 2. Nf3 Nc6 3. Bb5 Nge7 4. Nc3 g6 5. d4 exd4 6. Nd5 Bg7 7. Bg5 h6 8. Bf6 Bxf6 9. Nxf6+ Kf8 10. Qd2 a6 11. Ba4 Ng8 12. Nxg8 Kxg8 13. 0-0-0 Kg7 14. Nxd4 Qg5 15. Bxc6 dxc6 16. f4 Qf6 17. Qe3 c5 18. Nf3 b6 19. Ne5 Re8 20. h3 Be6 21. Ng4 Bxg4 22. hxg4 g5 23. Rdf1 Kg8 24. g3 Qe6 25. fxg5 Qxe4 26. Qxe4 Rxe4 27. gxh6 Rxg4 28. h7+ Kg7 29. h8Q+ Rxh8 30. Rxh8 Kxh8 31. Rxf7 Rxg3 32. Rxc7 Rg6 33. a4 a5 34. Kd2 Kg8 35. Kc3 Kf8 1/2-1/2

[Event "CP-2014-P-00023"]
[Site "LSS email"]
[Date "2014.09.30"]
[Round "?"]
[White "Denisov, Timofey"]
[Black "Lehnberger, Karl"]
[Result "1/2-1/2"]
[WhiteElo "2251"]
[BlackElo "2299"]
[PlyCount "91"]
[EventDate "2014.10.01"]
[EventType "tourn (corr)"]
[EventRounds "6"]
[EventCountry "GER"]
[SourceTitle "Corr 2022"]
[Source "ChessBase"]
[SourceDate "2021.10.24"]
[SourceVersion "1"]
[SourceVersionDate "2021.10.24"]
[SourceQuality "1"]

1. d4 Nf6 2. Nf3 b6 3. g3 Bb7 4. Bg2 e6 5. 0-0 Be7 6. c4 0-0 7. Re1 h6 8. a3 c5 9. d5 exd5 10. Nh4 Ne4 11. cxd5 Bxh4 12. Bxe4 Bg5 13. Nc3 d6 14. Bc2 Nd7 15. f4 Be7 16. Qd3 g6 17. h4 h5 18. f5 Ne5 19. Qe4 Bf6 20. Rf1 Bg7 21. fxg6 fxg6 22. Rxf8+ Qxf8 23. Bf4 Qe8 24. Rf1 Ba6 25. Kg2 Bc8 26. Bxe5 Bf5 27. Qc4 Qxe5 28. Bxf5 gxf5 29. Qa4 Qe3 30. Rxf5 Bxc3 31. bxc3 Qxe2+ 32. Rf2 Qe5 33. Qc2 Qxd5+ 34. Kh2 Qe6 35. Rf5 Re8 36. Rg5+ Kf8 37. Qf2+ Ke7 38. Rxh5 Rf8 39. Rh7+ Rf7 40. Rxf7+ Qxf7 41. Qe2+ Qe6 42. Qd3 Qa2+ 43. Kh3 Qxa3 44. Qh7+ Ke6 45. Qg6+ Ke7 46. Qg5+ 1/2-1/2

[Event "CP-2014-P-00023"]
[Site "LSS email"]
[Date "2014.09.30"]
[Round "?"]
[White "Lehnberger, Karl"]
[Black "Obrien, Glenn"]
[Result "1-0"]
[WhiteElo "2299"]
[BlackElo "1353"]
[PlyCount "71"]
[EventDate "2014.10.01"]
[EventType "tourn (corr)"]
[EventRounds "6"]
[EventCountry "GER"]
[SourceTitle "Corr 2022"]
[Source "ChessBase"]
[SourceDate "2021.10.24"]
[SourceVersion "1"]
[SourceVersionDate "2021.10.24"]
[SourceQuality "1"]

1. d4 Nf6 2. c4 e6 3. g3 d5 4. Bg2 dxc4 5. Nf3 Nc6 6. Qa4 Bb4+ 7. Bd2 Nd5 8. Bxb4 Ndxb4 9. Nc3 Bd7 10. 0-0 a5 11. Qd1 0-0 12. e3 a4 13. Nxa4 Nxd4 14. Qxd4 Bxa4 15. Qxc4 Qe7 16. Rfc1 Rfc8 17. a3 Nd5 18. Nd4 Qd7 19. b3 c6 20. bxa4 c5 21. Nb5 Nb6 22. Qe4 Rxa4 23. Qxb7 Qxb5 24. Rab1 Qa5 25. Rxb6 Rf8 26. Rb5 Qd2 27. Rbxc5 Rxa3 28. Rc8 Rd3 29. Rxf8+ Kxf8 30. Rc7 Qd1+ 31. Bf1 Ke8 32. Re7+ Kf8 33. Rxf7+ Kg8 34. Rxg7+ Kh8 35. Rxh7+ Kg8 36. Qf7# 1-0

[Event "CP-2014-S-00002"]
[Site "LSS email"]
[Date "2014.05.12"]
[Round "?"]
[White "Kudr, Roman"]
[Black "Lehnberger, Karl"]
[Result "1/2-1/2"]
[WhiteElo "2240"]
[BlackElo "2290"]
[PlyCount "41"]
[EventDate "2014.05.18"]
[EventType "tourn (corr)"]
[EventRounds "7"]
[EventCountry "GER"]
[SourceTitle "Corr 2022"]
[Source "ChessBase"]
[SourceDate "2021.10.24"]
[SourceVersion "1"]
[SourceVersionDate "2021.10.24"]
[SourceQuality "1"]

1. e4 c5 2. Nf3 d6 3. d4 cxd4 4. Nxd4 Nf6 5. Nc3 a6 6. h3 g6 7. g4 Bg7 8. Bg2 0-0 9. Be3 Nc6 10. Qd2 Bd7 11. 0-0 Rc8 12. Rad1 Nxd4 13. Bxd4 Bc6 14. f4 Nd7 15. Bxg7 Kxg7 16. Qd4+ f6 17. Rf2 Qa5 18. a4 Qc5 19. Qxc5 Nxc5 20. a5 Nd7 21. Bf1 1/2-1/2

[Event "CP-2014-S-00002"]
[Site "LSS email"]
[Date "2014.05.12"]
[Round "?"]
[White "Lehnberger, Karl"]
[Black "Boehme, Sebastian"]
[Result "1/2-1/2"]
[WhiteElo "2290"]
[BlackElo "2473"]
[PlyCount "52"]
[EventDate "2014.05.18"]
[EventType "tourn (corr)"]
[EventRounds "7"]
[EventCountry "GER"]
[SourceTitle "Corr 2022"]
[Source "ChessBase"]
[SourceDate "2021.10.24"]
[SourceVersion "1"]
[SourceVersionDate "2021.10.24"]
[SourceQuality "1"]

1. e4 e5 2. Nf3 Nc6 3. Bb5 Nf6 4. 0-0 Nxe4 5. d4 Nd6 6. Bxc6 dxc6 7. dxe5 Nf5 8. Qxd8+ Kxd8 9. Nc3 Be7 10. Rd1+ Ke8 11. Bg5 Bxg5 12. Nxg5 h6 13. Nf3 Be6 14. g3 Rd8 15. a3 g5 16. Rxd8+ Kxd8 17. Rd1+ Kc8 18. g4 Ne7 19. h3 Rd8 20. Re1 Nd5 21. Ne4 Nf4 22. Kh2 Bd5 23. Kg3 Ne6 24. h4 Bxe4 25. Rxe4 Rd5 26. Re1 Rc5 1/2-1/2

[Event "CP-2014-S-00002"]
[Site "LSS email"]
[Date "2014.05.12"]
[Round "?"]
[White "Lehnberger, Karl"]
[Black "Nichols, Scott"]
[Result "1/2-1/2"]
[WhiteElo "2290"]
[BlackElo "2423"]
[PlyCount "70"]
[EventDate "2014.05.18"]
[EventType "tourn (corr)"]
[EventRounds "7"]
[EventCountry "GER"]
[SourceTitle "Corr 2022"]
[Source "ChessBase"]
[SourceDate "2021.10.24"]
[SourceVersion "1"]
[SourceVersionDate "2021.10.24"]
[SourceQuality "1"]

1. e4 c5 2. Nf3 d6 3. d4 cxd4 4. Nxd4 Nf6 5. Nc3 a6 6. Be3 e5 7. Nb3 Be6 8. f3 h5 9. Nd5 Bxd5 10. exd5 Nbd7 11. Qd2 g6 12. Be2 Bg7 13. Na5 Rb8 14. 0-0 e4 15. c4 0-0 16. f4 Ng4 17. Bxg4 hxg4 18. Rae1 f5 19. b4 Nf6 20. Rc1 g3 21. h3 Ng4 22. Ba7 Ra8 23. Bd4 Bxd4+ 24. Qxd4 Rf7 25. Rc3 e3 26. Re1 Re7 27. Nxb7 Qc7 28. Nxd6 Qxd6 29. c5 Qf6 30. Qxf6 Nxf6 31. d6 Re6 32. Rcxe3 Ne4 33. Kf1 Kf7 34. Rd3 Ke8 35. Rc1 Kd8 1/2-1/2

[Event "CP-2014-S-00002"]
[Site "LSS email"]
[Date "2014.05.12"]
[Round "?"]
[White "Lehnberger, Karl"]
[Black "Zakharov, Oleg Yu"]
[Result "1-0"]
[WhiteElo "2290"]
[BlackElo "2257"]
[PlyCount "119"]
[EventDate "2014.05.18"]
[EventType "tourn (corr)"]
[EventRounds "7"]
[EventCountry "GER"]
[SourceTitle "Corr 2022"]
[Source "ChessBase"]
[SourceDate "2021.10.24"]
[SourceVersion "1"]
[SourceVersionDate "2021.10.24"]
[SourceQuality "1"]

1. e4 c5 2. Nf3 d6 3. d4 cxd4 4. Nxd4 Nf6 5. Nc3 a6 6. Bg5 e6 7. f4 Qb6 8. Qd2 Qxb2 9. Rb1 Qa3 10. e5 h6 11. Bh4 dxe5 12. fxe5 g5 13. exf6 gxh4 14. Be2 Qa5 15. 0-0 Nd7 16. Kh1 Qg5 17. Rf4 e5 18. Nd5 exd4 19. Qxd4 Kd8 20. Ne7 Qc5 21. Qb2 Qe5 22. Rd4 Qxe2 23. Qb6+ Ke8 24. Nd5 Be7 25. Nc7+ Kf8 26. fxe7+ Qxe7 27. Qa5 Ne5 28. Re1 Ra7 29. Rxe5 b6 30. Rxe7 bxa5 31. Re8+ Kg7 32. Rxh8 Rxc7 33. Rdd8 Be6 34. Rdg8+ Kf6 35. Rxh6+ Ke7 36. h3 Rxc2 37. a4 Rc4 38. Ra8 Rxa4 39. Rxa6 Ra1+ 40. Kh2 a4 41. Ra7+ Kf8 42. Rh8+ Kg7 43. Rha8 Bb3 44. Re8 Bc2 45. Ree7 Rf1 46. Re2 Rc1 47. Rf2 Bb3 48. Rf4 Rc6 49. Rxh4 Rd6 50. Rg4+ Kf6 51. Ra5 Bd1 52. Rg8 Rd4 53. Kg3 Rd3+ 54. Kf2 Rd4 55. g4 Bc2 56. Ra6+ Ke7 57. h4 Rf4+ 58. Kg3 Rf1 59. h5 Bh7 60. Ra7+ 1-0